000 01119nam a2200229Ia 4500
003 Ost
005 20260507075115.0
008 260507s9999||||xx |||||||||||||| ||und||
020 _a9029809961
040 _cfsecg
041 _aara
082 _a519.5
100 _aحشمان، مولود
_eمؤلف
245 0 _aنماذج وتقنيات التنبؤ القصير المدى :
_bدراسة مدعمة بأمثلة محلولة /
_c مولود حشمان
260 _aالجزائر:
_bديوان المطبوعات الجامعية,
_c2002
300 _a219 صفحة؛
_bإيضاحات ؛
_c24 سم
520 _aالنماذج التنبوئية- نماذج الإستقطاب- مركبات السلسلة الزمنية وطرق كشفها- التنبؤ بنماذج الإستقطاب البسيطة- المركبة الفصلية كيفية التعامل معها- تحليل السلسلة الزمنية العشوائية- طريقة بوكس- التنبؤ وقياس دقته
653 _aالإحصاء
653 _aالتنبؤ
653 _aالسلاسل الزمنية
942 _cكتاب
999 _c42998
_d42998